000 00529nam a2200157 i 4500
001 183614
003 ES-MaACL
005 20250929063302.0
008 140904s1904 sp |||| | spa d
100 0 _aParada y Santín, José,
_d1857-1923
_988911
245 1 0 _aExtensión universitaria
_b: programa actual ... de antropología artística /
_cpor José Parada y Santín.
260 _aMadrid :
_b[s.n.],
_c1904.
650 4 _aAnatomía artística.
_9145729
852 _aES-MaACL
_jT-1060-F-2
999 _c183614
_d183614